Alle Stationen der Linie S7 (NRW) - Statistiken

Allgemein
  • Dieses Quiz wurde 38 mal gespielt
  • Das Durchschnittsergebnis liegt bei 8 aus 13
Antwortstatistiken
Station % Korrekt
Wuppertal Hbf
100%
Solingen Hbf
83%
Wuppertal Barmen
83%
Wuppertal Oberbarmen
83%
Remscheid Hbf
75%
Wuppertal Unterbarmen
67%
Remscheid Lennep
58%
Solingen Mitte
58%
Remscheid Lüttringhausen
50%
Solingen Grünewald
50%
Solingen Schaberg
50%
Remscheid Güldenwerth
42%
Wuppertal Ronsdorf
42%
Keine übereinstimmenden Quizze gefunden
Verteilung der Resultate
Anzahl Personen mit jedem Resultat
Perzentil nach korrekt beantworteten Fragen
Ihre Resultats-Entwicklung
Sie haben dieses Quiz noch nicht gespielt